Comparative analysis of synonymous codon usage bias in human monocytes, B and T lymphocytes based on transcriptome data /
Saved in:
| Main Author: | |
|---|---|
| Format: | Thesis Book |
| Language: | English |
| Published: |
2018.
|
| Subjects: | |
| Online Access: | http://studentsrepo.um.edu.my/13312/ |
| Tags: |
Add Tag
No Tags, Be the first to tag this record!
|
| LEADER | 01539nam a2200397 i 4500 | ||
|---|---|---|---|
| 001 | u1148687 | ||
| 003 | SIRSI | ||
| 005 | 202110121547 | ||
| 008 | 211012s2018 my a m 000 0 eng | ||
| 040 | |a UMM |d AUM |e rda | ||
| 090 | |a QH302 |b A1 UM 2018 Muhar | ||
| 100 | 0 | |a Muhammad Adib Ruzman, |e author. | |
| 245 | 1 | 0 | |a Comparative analysis of synonymous codon usage bias in human monocytes, B and T lymphocytes based on transcriptome data / |c Muhammad Adib Ruzman. |
| 264 | 1 | |c 2018. | |
| 300 | |a xiii, 94 leaves : |b illustrations ; |c 30 cm | ||
| 336 | |a text |2 rdacontent | ||
| 336 | |a still image |2 rdacontent | ||
| 337 | |a unmediated |2 rdamedia | ||
| 337 | |a computer |2 rdamedia | ||
| 338 | |a volume |2 rdacarrier | ||
| 338 | |a computer disc |2 rdacarrier | ||
| 502 | |b M.Bioinfo. |c Institut Sains Biologi, Fakulti Sains, Universiti Malaya |d 2018. | ||
| 504 | |a Bibliography: leaves 70-82. | ||
| 530 | |a Also issued in CD. | ||
| 650 | 0 | |a Molecular biology. | |
| 650 | 0 | |a Monocytes. | |
| 650 | 0 | |a Immune system. | |
| 650 | 0 | |a Proteins |x Evolution. | |
| 650 | 0 | |a Genetic transcription. | |
| 650 | 0 | |a Genomics. | |
| 710 | 2 | |a Universiti Malaya. |b Institut Sains Biologi, |e degree granting institution. | |
| 856 | 4 | 1 | |u http://studentsrepo.um.edu.my/13312/ |
| 900 | |a FNM US | ||
| 596 | |a 1 25 | ||
| 999 | |a QH302 A1 UM 2018 MUHAR |w LC |c 1 |i A517272222 |f 14/1/2022 |g 1 |l STACKS |m P01UTAMA |r Y |s Y |t TESIS |u 12/10/2021 |1 STEM | ||
| 999 | |a QH302 A1 UM 2018 MUHAR |w LC |c 1 |i A517056648 |f 27/1/2022 |g 1 |l STACKS |m P25UMARCHI |r N |s Y |t CD |u 25/1/2022 |1 STEM |o .STAFF. MST-CD541 | ||
